| 000 | 00617 a2200193 4500 | ||
|---|---|---|---|
| 020 | _a0071459022 | ||
| 020 | _a9780071459020 | ||
| 082 | 0 | 4 | _a516 |
| 090 |
_c663 _d663 |
||
| 100 | 1 | _aMiller, Bob. | |
| 245 | 1 | 0 |
_aBob miller's geometry for the clueless, 2nd edition / _cBob Miller. |
| 260 |
_a[S.l.] : _bMcGraw-Hill, _c2006. |
||
| 300 |
_a160 p. ; _c24 cm. |
||
| 490 | 1 | _aBob miller's clueless. | |
| 700 | _aMiller, Bob. | ||
| 830 | _aBob miller's clueless | ||
| 942 |
_aSNS _cBK _k516 MIL |
||
| 999 |
_c29292 _d29292 |
||